000 00681nam a2200193 a 4500
005 20140412111324.0
008 000829s19uu xx 00 eng d
020 _a1-85697-296-8
050 _aREF 030
_bW872 1999
100 _aSteele, Philip
245 _aI wonder why pyramids were built :
_band other questions about ancient Egypt /
_cPhili Steele.
260 _aDanbury, Connecticut :
_bGrolier Inc,
_c1999.
300 _a32 p.
440 _aI wonder why
500 _aIncludes index
520 _aWith information and quirky facts to explain everything from 'Why were mummies wrapped up?' to 'How did Egyptians travel quickly?'.
650 _aPyramids
999 _c104526
_d104526